000 00452nam a2200181Ia 4500
008 151202s9999||||xx |||||||||||||| ||und||
082 _bPNVM-19610
100 _aHUXLEY JULIAN.
245 _aESSAYS OF A BIOLOGIST.
260 _b"PENGUIN BOOKS, LONDON."
260 _c1939
300 _a245
600 _aHUXLEY JULIAN.
630 _aESSAYS OF A BIOLOGIST.
700 _aHUXLEY JULIAN.
730 _aESSAYS OF A BIOLOGIST.
942 _cBOOK
999 _c1285590
_d1285587